Państwa w ich języku - Statystyki

Ogólne statystyki
  • Ten quiz został rozwiązany 155 razy
  • Średni wynik to 12 z 15
Statystyki odpowiedzi
Wskazówka Odpowiedź % Poprawnych
Bosna i Hercegovina Bośnia i Hercegowina
100%
Malta Malta
99%
Việt Nam Wietnam
98%
Eesti Estonia
95%
Norge Norwegia
95%
Soomaaliya Somalia
95%
Қазақстан Kazachstan
90%
Lëtzebuerg Luksemburg
86%
Hrvatska Chorwacja
85%
Sverige Szwecja
85%
Северна Македонија Macedonia Północna
75%
Кыргызстан Kirgistan
62%
Точикистон Tadżykistan
59%
საქართველოს Gruzja
35%
नेपाल Nepal
30%
Nie znaleziono quizów pasujących do podanych kryteriów
Rozkład punktacji
Procent ludzi z każdym wynikiem
Percentyl według liczby udzielonych odpowiedzi
Twoja historia wyników
Nie rozwiązałeś tego quizu